| 000 | 00821nam a2200241 a 4500 | ||
|---|---|---|---|
| 001 | 000027831 | ||
| 003 | DO-SdBNP | ||
| 005 | 20250616135710.0 | ||
| 008 | 110405s1987 dr ad 000 | spa d | ||
| 040 |
_aDO-SdBNP _bspa _cBNPHU |
||
| 049 | _a | ||
| 082 |
_a332.6452 _bM553f _222 |
||
| 110 | 2 |
_aBanco Central de la República Dominicana _983405 |
|
| 245 | 1 | 0 | _aMercados futuros de divisas. |
| 260 |
_aSanto Domingo : _bBanco Central de la República Dominicana, _c1987 |
||
| 300 |
_a165 p. : _bil., diagr. ; _c20 cm. |
||
| 590 | _aInventariado,2020/VM | ||
| 650 | 4 |
_2Mercados de futuros _vProblemas y ejercicios, etc. _977374 |
|
| 650 | 4 |
_aOpciones (Finanzas) _vProblemas, ejercicios, etc _977375 |
|
| 650 | 4 |
_aPlanificación del mercadeo _vProblemas, ejercicios, etc _977376 |
|
| 910 | _aVMateo | ||
| 942 |
_2ddc _cLBS1 |
||
| 999 |
_c27323 _d27323 |
||